V čom tkvie poslanie manažérov rutinné aktivity nižšej úrovne na úkor riešenia strategických úloh

Neadekvátne využívanie pracovného času manažérmi - marenie času rutinnými činnosťami. Prieskum trávenia času u manažérov. Riešenie tohoto problému. Úlohy nižšieho a vyššieho manažmentu v podniku. Stratégia versus taktika.

Guardado en:
Detalles Bibliográficos
Autor principal: Volčková, Elena
Formato: Capítulo de libro
Lenguaje:eslovaco
Materias:
Etiquetas: Agregar Etiqueta
Sin Etiquetas, Sea el primero en etiquetar este registro!

MARC

LEADER 00000naa a2200000 4500
001 r036340
005 20230824101842.2
041 0 |a slo 
044 |a SK 
245 1 0 |a V čom tkvie poslanie manažérov  |b rutinné aktivity nižšej úrovne na úkor riešenia strategických úloh  |c Elena Volčková 
520 |a Neadekvátne využívanie pracovného času manažérmi - marenie času rutinnými činnosťami. Prieskum trávenia času u manažérov. Riešenie tohoto problému. Úlohy nižšieho a vyššieho manažmentu v podniku. Stratégia versus taktika. 
610 2 0 |a riadenie 
610 2 0 |a riadenie podnikové 
610 2 0 |a manažéri 
610 2 0 |a manažment strategický 
610 2 0 |a využitie času pracovného 
610 2 0 |a stratégia podniková 
610 2 0 |a taktika podniková 
610 2 0 |a zdroje ľudské 
100 1 |a Volčková, Elena